000 00907nam a2200241 a 4500
001 45856
003 BD-RjUL
005 20211209054057.0
008 131222r19621960enk 001 0 eng
035 _a(BD-RjUL)45974
040 _aDLC
_cCarP
_dDLC
_dBD-RjUL
_beng
041 _aeng
082 0 4 _218
_a342.42
_bWAC 1962
100 1 _aWade, E. C. S.
_q(Emlyn Capel Stewart),
_d1895-1978.
_913502
245 0 0 _aConstitutional law :
_ban outline of the law and practice of the Constitution, including central and local Government and the constitutional relations of the British commonwealth /
_cE C S Wade, G. Godfrey Phillips
250 _a6th ed.
260 _aLondon ;
_aNew York :
_bLongmans, Green,
_cc1960 [Impression 1962]
300 _a725 p. ;
_b21 cm.
650 _aConstitutional law
_zGreat Britain
_9140240
700 _aPhillips,G. Godfrey
_9140241
942 _2ddc
_cBK
999 _c45856
_d45856